Statistics for Top 15 Countries with Covid-19 Cases - 13 April 2022

Click here to take the quiz!

General Stats

  • This quiz has been taken 14 times
  • The average score is 15 of 29

Answer Stats

country% Correct
France
100%
Germany
100%
Italy
100%
United Kingdom
100%
Russia
93%
United States
93%
Brazil
86%
India
86%
Spain
79%
Argentina
64%
Belgium
57%
Iran
57%
Turkey
57%
Netherlands
50%
Netherlands
50%
Portugal
50%
Austria
43%
South Korea
43%
Czechia
36%
Denmark
36%
Switzerland
36%
Slovenia
29%
Latvia
21%
Estonia
14%
Georgia
14%
Israel
14%
Lithuania
14%
Vietnam
14%
Cyprus
7%

Score Distribution

Percentile by Number Answered

Percent of People with Each Score

Your Score History

You have not taken this quiz